000 01006nam a2200241Ii 4500
003 JO-AjNU
008 230605s9999||||xx |||||||||||||| ||und||
017 _a2021/7/4125
020 _a978-9957-09-837-7
040 _aJO-AjNU
_bara
_erda
_cJO-AjNU
041 _aara
050 1 4 _aDS154.5.2021
100 3 _aالشرفات، سعود فياص,
_eauthor
_963699
245 0 0 _aحارس النهر: اسطوغرافية الارهاب في الاردن خلال الفرة 1921-2020
250 _aالطبعة الاولى
264 3 1 _aعمان: وزارة الثقافة، 2021
300 _a459ص
_bيحتوي على قائمة جداول واشكال من ص 387-459ص
336 _atext
_btxt
_2rdacontent
337 _aunmediated
_bn
_2rdamedia
338 _avolume
_bnc
_2rdacarrier
490 0 _aسلسلة فكر ومعرفة 2021 من منشورات وزارة الثقافة
650 4 _aالارهاب-العنف السياسي-التاريخ السياسي-تاريخ الاردن
_963700
999 _aA28908
_c32476
_d32476